000 00691nam a22002657a 4500
999 _c6511
_d6511
001 6511
003 BD-JhCC
005 20180425112016.0
008 180124s2011 xxua|||| |||| 00| 0 eng d
020 _a0706985435
035 _a(BD-JhCC)6511
040 _aBD-JhCC
_dBD-JhCC
041 _aeng
082 _a531.1133
_bSUB 2011
100 _aSubrahmanyam, N
245 _aWaves and Oscillations /
_cN Subrahmanyam and Brij Lal
250 _a2nd ed.
260 _aNew Delhi :
_bVikash Publishing House PVT LTD,
_c2011.
300 _a432 p. :
_bill.;
_c22 cm.
650 _aOscillations
650 _aMathematical Physics
700 _a Lal, Brij
942 _2ddc
_cBK